Statistics for 10 Biggest Cities in Switzerland

Click here to take the quiz!

General Stats

  • This quiz has been taken 167 times
    (145 since last reset)
  • The average score is 7 of 10

Answer Stats

PopulationCity% Correct
340 000Zurich
99%
120 000Bern
97%
180 000Geneva
94%
165 000Basel
80%
115 000Lausanne
78%
55 000Lugano
59%
70 000St. Gallen
51%
55 000Lucerne
50%
90 000Winterthur
47%
50 000Biel
36%

Score Distribution

Percentile by Number Answered

Percent of People with Each Score

Your Score History

You have not taken this quiz since the last reset